书目信息 |
| 题名: |
电路与模拟电子技术基础
|
|
| 作者: | 成谢锋 , 周井泉 主编 | |
| 分册: | ||
| 出版信息: | 北京 科学出版社 2021.1 |
|
| 页数: | 316页 | |
| 开本: | 26cm | |
| 丛书名: | ||
| 单 册: | ||
| 中图分类: | TN7 , TN710.4 | |
| 科图分类: | ||
| 主题词: | 电子电路--高等教育--教材 , 模拟电路--电子技术--高等教育--教材 , 电子电路 , 模拟电路 , 电子技术 | |
| 电子资源: | ||
| ISBN: | 978-7-03-033036-9 | |
| 000 | 01202nam0 2200337 45 | |
| 001 | 012001002472 | |
| 005 | 20140914110608.0 | |
| 010 | @a978-7-03-033036-9@dCNY49.00 | |
| 090 | @aTN7@bcxf | |
| 096 | @aTN710@bxxf | |
| 100 | @a20120323d2012 em y0chiy50 ea | |
| 101 | 0 | @achi |
| 102 | @aCN@b110000 | |
| 105 | @ay z 000yy | |
| 106 | @ar | |
| 200 | 1 | @a电路与模拟电子技术基础@Adian lu yu mo ni dian zi ji shu ji chu@b专著@f成谢锋,周井泉主编 |
| 210 | @a北京@c科学出版社@d2021.1 | |
| 215 | @a316页@d26cm | |
| 300 | @a普通高等教育“十二五”规划教材 信息与电子技术类系列教材 | |
| 330 | @a本书分为电路基础理论和模拟电子技术基础两大部分。电路理论部分包括直流电路分析、暂态电路分析和正弦交流电路3章。模拟电子技术部分包括半导体二极管和晶体管、基本放大电路、放大电路中的负反馈、集成运算放大器及应用和直流稳压电源5章。 | |
| 606 | 0 | @a电子电路@x高等教育@j教材 |
| 606 | 0 | @a模拟电路@x电子技术@x高等教育@j教材 |
| 606 | 0 | @a电子电路 |
| 606 | 0 | @a模拟电路 |
| 606 | 0 | @a电子技术 |
| 690 | @aTN7@v5 | |
| 690 | @aTN710.4@v5 | |
| 701 | 0 | @a成谢锋@Acheng xie feng@4主编 |
| 701 | 0 | @a周井泉@f(1963~)@Azhou jing quan@4主编 |
| 801 | 0 | @aCN@bBJSDL@c20211011 |
| 905 | @b1339860-3@dTN7@e397@f4 | |
| 电路与模拟电子技术基础/成谢锋,周井泉主编.-北京:科学出版社,2021.1 |
| 316页;26cm |
| 普通高等教育“十二五”规划教材 信息与电子技术类系列教材 |
| ISBN 978-7-03-033036-9:CNY49.00 |
| 本书分为电路基础理论和模拟电子技术基础两大部分。电路理论部分包括直流电路分析、暂态电路分析和正弦交流电路3章。模拟电子技术部分包括半导体二极管和晶体管、基本放大电路、放大电路中的负反馈、集成运算放大器及应用和直流稳压电源5章。 |
| ● |
| 相关链接 |
|
|
|
|
正题名:电路与模拟电子技术基础
索取号:TN7/397
 
预约/预借
| 序号 | 登录号 | 条形码 | 馆藏地/架位号 | 状态 | 备注 |
| 1 | 1339860 | 213398606 | 第二样本阅览室/ [索取号:TN7/397] | 在馆 | |
| 2 | 1339861 | 213398615 | 第三借阅区/ [索取号:TN7/397] | 在馆 | |
| 3 | 1339862 | 213398624 | 第三借阅区/ [索取号:TN7/397] | 在馆 | |
| 4 | 1339863 | 213398633 | 第三借阅区/ [索取号:TN7/397] | 在馆 |